Ink and wit: (Record no. 1224)
[ view plain ]
| 000 -LEADER | |
|---|---|
| fixed length control field | 00733nam a22002057a 4500 |
| 005 - DATE AND TIME OF LATEST TRANSACTION | |
| control field | 20230217010647.0 |
| 008 - FIXED-LENGTH DATA ELEMENTS--GENERAL INFORMATION | |
| fixed length control field | 230217b |||||||| |||| 00| 0 eng d |
| 020 ## - INTERNATIONAL STANDARD BOOK NUMBER | |
| International Standard Book Number | 978-971-9654-98-8 |
| 082 ## - DEWEY DECIMAL CLASSIFICATION NUMBER | |
| Classification number | Fil. 808.02 B311 2017 |
| 100 ## - MAIN ENTRY--PERSONAL NAME | |
| Personal name | Basilan, Ma. Letecia Jose C. |
| Relator term | author |
| 245 ## - TITLE STATEMENT | |
| Title | Ink and wit: |
| Remainder of title | into the world of creative writing / |
| Statement of responsibility, etc. | Ma. Letecia Jose CabaƱa Basilan, Ph.D, Riza Torres De Villa |
| 260 ## - PUBLICATION, DISTRIBUTION, ETC. | |
| Place of publication, distribution, etc. | Manila: |
| Name of publisher, distributor, etc. | Unlimited Books Library Services & Publishing, |
| Date of publication, distribution, etc. | c2017. |
| 300 ## - PHYSICAL DESCRIPTION | |
| Extent | x, 190p.; |
| Other physical details | ill. |
| 504 ## - BIBLIOGRAPHY, ETC. NOTE | |
| Bibliography, etc. note | Includes references |
| 541 ## - IMMEDIATE SOURCE OF ACQUISITION NOTE | |
| Accession number | 5953 c.1, 5954 c.2, 5955 c.3 |
| 650 ## - SUBJECT ADDED ENTRY--TOPICAL TERM | |
| Topical term or geographic name entry element | Creative writing |
| 650 ## - SUBJECT ADDED ENTRY--TOPICAL TERM | |
| Topical term or geographic name entry element | Authorship |
| 650 ## - SUBJECT ADDED ENTRY--TOPICAL TERM | |
| Topical term or geographic name entry element | English language - Rhetoric |
| 700 ## - ADDED ENTRY--PERSONAL NAME | |
| Personal name | De Villa, Riza T. |
| Relator term | author |
| Withdrawn status | Lost status | Source of classification or shelving scheme | Damaged status | Not for loan | Home library | Current library | Date acquired | Total Checkouts | Full call number | Barcode | Date last seen | Copy number | Price effective from | Koha item type |
|---|---|---|---|---|---|---|---|---|---|---|---|---|---|---|
| Dewey Decimal Classification | ctu-moalboal | ctu-moalboal | 03/19/2019 | Fil. 808.02 B311 2017 | 5953 | 02/17/2023 | 1 | 02/17/2023 | Books-Filipiniana | |||||
| Dewey Decimal Classification | ctu-moalboal | ctu-moalboal | 03/19/2019 | Fil. 808.02 B311 2017 | 5954 | 02/17/2023 | 2 | 02/17/2023 | Books-Filipiniana | |||||
| Dewey Decimal Classification | ctu-moalboal | ctu-moalboal | 03/19/2019 | Fil. 808.02 B311 2017 | 5955 | 02/17/2023 | 3 | 02/17/2023 | Books-Filipiniana |